| 000 | 00345nam a22001337a 4500 | ||
|---|---|---|---|
| 008 | 181210b xxu||||| |||| 00| 0 eng d | ||
| 020 | _a9780716728412 | ||
| 041 | _aeng | ||
| 080 |
_24 th _a510 |
||
| 100 | _a37 | ||
| 101 | _aMAT | ||
| 245 |
_aFor all Practical Purposes Introduction Contemporarry Mathematics _cJames.d |
||
| 942 |
_2udc _cBK |
||
| 999 |
_c53116 _d53116 |
||